| 000 | 00390cam a2200145ua 4500 | ||
|---|---|---|---|
| 041 |
_aeng _h |
||
| 082 |
_a823.301 _bHEN/UN |
||
| 100 | _aHensman, Bertha . | ||
| 245 |
_aUncle bouki hires a horse and other stories / _cBertha Hensman. _hTextual Documents |
||
| 260 |
_aLondon : _bOxford University Press , _c1957. |
||
| 300 | _a56 ; . | ||
| 504 | _a | ||
| 942 | _cBK | ||
| 999 |
_c12862 _d12862 |
||